• 首页
  • 本馆介绍
  • 公告通知
  • 最新文献
  • 馆藏检索
  • 电子资源
  • 读者导购
  • 参考咨询
  • 我的图书馆
  • 登录
  • 详细信息显示
  • 放入我的书架
  • 预约/预借图书
  • 作者相关作品
  • 分类相关作品
  • 丛书相关作品
  • 出版社相关作品

书目信息

  • 表格格式
  • 工作单格式
  • 卡片格式
题名:
唐两京城坊考
    
 
作者: 徐松 撰 ;张穆 , 方严 校补
分册:  
出版信息: 北京   中华书局  2013.3
页数: 320页
开本: 19cm
丛书名: 中国古代都城资料选刊
单 册:
中图分类: K242.07
科图分类:
主题词: 唐代历史事件--研究
电子资源:
ISBN: 978-7-101-09115-1
000 01195nam0 2200277 45
001 517
005 20141008152317.01
010    @a978-7-101-09115-1@dCNY32.00
100    @a20130618d2013 em y0chiy0110 ea
101 0  @achi
102    @aCN@b110000
105    @ay z 000yy
106    @ar
200 1  @a唐两京城坊考@ATang Liang Jing Cheng Fang Kao@f(清)徐松撰@F( Qing ) Xu Song Zhuan@g张穆校补@g方严点校
210    @a北京@c中华书局@d2013.3
215    @a320页@d19cm
225 2  @a中国古代都城资料选刊
330    @a本书采摭唐人文集笔记、金石碑碣、方志地记中有关唐西京长安和东京洛阳的有关资料,记叙两京宫室、苑囿、官署、街市、寺庙、渠道的分布,详实有据,且绘制多幅平面示意图,是研究唐史和两京故实的重要参考著作。本书采摭唐人文集笔记、金石碑碣、方志地记中有关唐西京长安和东京洛阳的有关资料,记叙两京宫室、苑囿、官署、街市、寺庙、渠道的分布,详实有据,且绘制多幅平面示意图,是研究唐史和两京故实的重要参考著作。
461  0 @12001 @a中国古代都城资料选刊
606 0  @a唐代历史事件@x研究
690    @aK242.07@v5
701  0 @c(清)@a徐松@AXu Song@4撰
702  0 @a张穆@AZhang Mu@4校补
702  0 @a方严@AFang Yan@4点校
801  0 @aCN@bTANGWEI@c20141006
905    @b0843340-42@dK242.07@e23@f3
    
    唐两京城坊考/(清)徐松撰/张穆校补/方严点校.-北京:中华书局,2013.3
    320页;19cm.-(中国古代都城资料选刊)
    
    
    ISBN 978-7-101-09115-1:CNY32.00
    本书采摭唐人文集笔记、金石碑碣、方志地记中有关唐西京长安和东京洛阳的有关资料,记叙两京宫室、苑囿、官署、街市、寺庙、渠道的分布,详实有据,且绘制多幅平面示意图,是研究唐史和两京故实的重要参考著作。本书采摭唐人文集笔记、金石碑碣、方志地记中有关唐西京长安和东京洛阳的有关资料,记叙两京宫室、苑囿、官署、街市、寺庙、渠道的分布,详实有据,且绘制多幅平面示意图,是研究唐史和两京故实的重要参考著作。
●
相关链接 在E读中查询图书 在五车中查询图书 在当当中查询图书 在豆瓣中查询图书


正题名:唐两京城坊考     索取号:K242.07/23         预约/预借

序号 登录号 条形码 馆藏地/架位号 状态 备注
1 0843340   208433408   第二样本阅览室/ [索取号:K242.07/23] 在馆    
2 0843341   208433417   第二借阅区/ [索取号:K242.07/23] 在馆    
3 0843342   208433426   第二借阅区/ [索取号:K242.07/23] 在馆    
唐山师范学院图书馆 欢迎您!
大连网信软件有限公司© 版权所有